100 Most Densely Populated Cities (with Exceptions) - Statistics

General Stats
  • This quiz has been taken 90 times
  • The average score is 33 of 100
Answer Stats
Country Population Population Density Answer % Correct
Bangladesh 600,000 28,958/km^2 Kutupalong Refugee Camp
98%
India 31,190,000 13,307/km^2 Delhi
89%
Somalia 4,219,000 33,244/km^2 Mogadishu
86%
India 25,189,000 24,073/km^2 Mumbai
86%
Egypt 5,552,000 18,970/km^2 Alexandria
85%
DRC 13,493,000 26,048/km^2 Kinshasa
85%
Colombia 10,252,000 18,241/km^2 Bogotá
78%
China (SAR) 6,468,000 22,297/km^2 Hong Kong
78%
Pakistan 20,249,000 18,014/km^2 Karachi
78%
India 21,747,000 16,085/km^2 Kolkata
78%
Bangladesh 19,134,000 30,911/km^2 Dhaka
77%
Pakistan 2,789,000 22,911/km^2 Hyderabad
75%
Afghanistan 5,556,000 20,467/km^2 Kabul
75%
North Korea 2,663,000 15,120/km^2 Pyongyang
74%
Pakistan 13,504,000 14,285/km^2 Lahore
73%
Yemen 3,585,000 14,270/km^2 Sanaa
72%
Senegal 3,510,000 18,070/km^2 Dakar
70%
Nepal 3,247,000 16,281/km^2 Kathmandu
69%
Syria 3,155,000 16,687/km^2 Damascus
68%
Philippines 24,156,000 12,638/km^2 Manila
68%
Colombia 3,242,000 13,460/km^2 Medellín
67%
India 8,006,000 15,852/km^2 Ahmedabad
65%
Bangladesh 4,204,000 21,935/km^2 Chittagong
65%
Djibouti 674,000 14,457/km^2 Djibouti
65%
Cameroon 4,642,000 20,367/km^2 Yaoundé
64%
China (SAR) 618,000 23,861/km^2 Macau
62%
Colombia 2,640,000 14,356/km^2 Cali
60%
Madagascar 2,673,000 14,744/km^2 Antananarivo
59%
Ivory Coast 5,678,000 15,119/km^2 Abidjan
58%
Morocco 1,329,000 14,661/km^2 Fez
56%
Nigeria 4,670,000 14,310/km^2 Kano
56%
Pakistan 5,356,000 17,091/km^2 Faisalabad
54%
Cameroon 3,751,000 18,568/km^2 Douala
51%
India 6,601,000 22,554/km^2 Surat
44%
Morocco 1,225,000 12,783/km^2 Tangier
43%
Indonesia 7,203,000 14,793/km^2 Bandung
42%
Iraq 1,578,000 16,033/km^2 Basra
42%
Egypt 822,000 19,836/km^2 Port Said
42%
India 3,331,000 18,639/km^2 Patna
41%
Burundi 1,040,000 13,385/km^2 Bujumbura
40%
DRC 3,493,000 25,446/km^2 Mbuji-Mayi
40%
India 3,765,000 13,336/km^2 Indore
37%
Somalia** 1,401,000 21,637/km^2 Hargeisa
32%
India 4,350,000 14,479/km^2 Kanpur
32%
India 2,562,000 14,131/km^2 Bhopal
31%
Pakistan 3,218,000 14,791/km^2 Gujranwala
28%
Afghanistan 1,205,000 23,263/km^2 Herat
28%
India 3,229,000 18,608/km^2 Varanasi
27%
Colombia 1,005,000 14,372/km^2 Bucaramanga
26%
India 1,487,000 14,721/km^2 Rajkot
23%
DRC 1,355,000 18,685/km^2 Kananga
22%
India 2,438,000 20,028/km^2 Allahabad
21%
India 2,048,000 13,633/km^2 Madurai
19%
India 1,232,000 13,591/km^2 Vijayawada
19%
Bangladesh 1,076,000 21,866/km^2 Sylhet
17%
India 1,024,000 12,754/km^2 Puducherry
16%
India 1,490,000 15,980/km^2 Aurangabad
15%
Iraq 1,127,000 12,798/km^2 Najaf
15%
India 1,810,000 13,439/km^2 Nashik
15%
India 1,533,000 12,867/km^2 Jabalpur
14%
India 1,503,000 14,880/km^2 Dhanbad
12%
India 1,477,000 14,622/km^2 Gwalior
12%
India 1,925,000 12,597/km^2 Jamshedpur
12%
India 1,720,000 25,542/km^2 Asansol
11%
Pakistan 1,426,000 17,206/km^2 Sialkot
11%
Yemen 731,000 14,855/km^2 Al Hudaydah
10%
India 1,355,000 16,349/km^2 Bareilly
10%
Colombia 598,000 12,827/km^2 Ibagué
10%
Egypt 731,000 31,360/km^2 Tanta
10%
India 1,660,000 16,867/km^2 Aligarh
9%
Iraq 817,000 13,715/km^2 Karbala
9%
Egypt 993,000 23,962/km^2 Mansoura
9%
India 1,345,000 20,772/km^2 Moradabad
9%
India 1,082,000 16,710/km^2 Solapur
9%
India 1,131,000 13,223/km^2 Tiruchirappalli
9%
India 644,000 19,127/km^2 Gaya
7%
India 885,000 13,142/km^2 Cuttack
6%
Pakistan 785,000 16,838/km^2 Sukkur
5%
DRC 936,000 27,799/km^2 Tshikapa
5%
India 790,000 13,865/km^2 Guntur
4%
India 1,152,00 22,239/km^2 Saharanpur
4%
Egypt 942,000 25,979/km^2 El Mahallah El Kubra
2%
India 571,000 13,779/km^2 Jhansi
2%
Pakistan 589,000 18,951/km^2 Larkana
2%
Iraq 762,000 13,373/km^2 Nasiriyah
2%
Indonesia 984,000 15,830/km^2 Tasikmalaya
2%
India 685,000 13,920/km^2 Vellore
2%
India 650,000 12,548/km^2 Akola
1%
India 714,000 12,531/km^2 Bilaspur
1%
India 528,000 13,591/km^2 Davanagere
1%
India 830,000 22,890/km^2 Firozabad
1%
India 694,000 17,864/km^2 Jalgaon
1%
India 667,000 17,143/km^2 Kurnool
1%
India 751,000 16,109/km^2 Malegaon
1%
India 696,000 24,430/km^2 Muzaffarnagar
1%
India 669,000 15,194/km^2 Nanded
1%
Pakistan 1,051,000 16,232/km^2 Sargodha
1%
Pakistan 923,000 16,199/km^2 Sheikhupura
1%
China 554,000 19,445/km^2 Tongcheng
1%
India 535,000 12,910/km^2 Ujjain
1%
No matching quizzes found
Score Distribution
Percent of People with Each Score
Percentile by Number Answered
Your Score History
You have not taken this quiz